Religions by Goddess Quiz Stats

 Plays Quiz Updated Sep 9, 2017

Score 0/12 Timer 02:00
15 Plays Today
% Correct
Ancient Egyptian
89.6%
Norse Mythology
88.5%
Roman Mythology
87%
Greek Mythology
84.4%
Aztec
83.2%
Celtic
79.5%
Shinto
75.9%
Thanism
75.8%
Hinduism
72.9%
Slavic Mythology
69%
Incan
63.5%
Taoism|Chinese
Folk Religion
52.7%

You're not logged in!

Compare scores with friends on all Sporcle quizzes.
OR
Log In

You Might Also Like...

Show Comments

Extras

Top Quizzes Today


Score Distribution

Your Account Isn't Verified!

In order to create a playlist on Sporcle, you need to verify the email address you used during registration. Go to your Sporcle Settings to finish the process.

Report this User

Report this user for behavior that violates our Community Guidelines.

Details: